[Event "North Island-ch"]
[Site "Wellington"]
[Date "2013.03.29"]
[Round "1"]
[White "Brockway, Andrew"]
[Black "Nijman, Brian"]
[Result "0-1"]
[WhiteElo "1788"]
[BlackElo "2147"]
[PlyCount "88"]
[EventDate "2013.03.29"]
[EventType "swiss"]
[EventRounds "8"]
[EventCountry "NZL"]
[SourceTitle "EXT 2018"]
[Source "ChessBase"]
[SourceDate "2017.10.13"]
[SourceVersion "1"]
[SourceVersionDate "2017.10.13"]
[SourceQuality "1"]

1. e4 e6 2. d4 d5 3. Nd2 c5 4. Ngf3 Nc6 5. exd5 exd5 6. Bb5 Bd6 7. dxc5 Bxc5 8. 0-0 Nge7 9. Nb3 Bd6 10. Re1 0-0 11. Be3 Bg4 12. Be2 Bh5 13. Nfd4 Bg6 14. c3 Rc8 15. Bg4 Ra8 16. Bg5 Qb8 17. g3 h6 18. Nxc6 Nxc6 19. Be3 Ne5 20. Bc5 Nd3 21. Bxd6 Qxd6 22. Re2 Ne5 23. Rd2 Rad8 24. Nd4 Rfe8 25. Bf5 Bxf5 26. Nxf5 Qf6 27. Nd4 Nc4 28. Re2 Re5 29. Qc2 Rde8 30. Rae1 Rxe2 31. Rxe2 Re5 32. Rxe5 Qxe5 33. Kf1 Qh5 34. Kg2 Nd6 35. f3 Qg5 36. Ne2 Qe3 37. Nf4 d4 38. cxd4 Qxd4 39. Ne2 Qe5 40. Kf2 Qe6 41. b3 Nf5 42. Qd2 Qb6+ 43. Ke1 h5 44. Qc2 Qe6 0-1